CML reports mortgage interest payments at 15 year high (Record no. 107181)

MARC details
000 -LEADER
fixed length control field 01261cab a22002055a 4500
001 - CONTROL NUMBER
control field L138505
008 - FIXED-LENGTH DATA ELEMENTS--GENERAL INFORMATION
fixed length control field 070614e20070612xxk f s 000 0 eng d
035 ## - SYSTEM CONTROL NUMBER
System control number (Sirsi) u138505
041 0# - LANGUAGE CODE
Language code of text/sound track or separate title eng
050 04 - LIBRARY OF CONGRESS CALL NUMBER
Classification number 306.1094 $2 18
110 2# - MAIN ENTRY--CORPORATE NAME
Corporate name or jurisdiction name as entry element Council of Mortgage Lenders
9 (RLIN) 5903
245 00 - TITLE STATEMENT
Title CML reports mortgage interest payments at 15 year high
Medium [electronic resource]
260 ## - PUBLICATION, DISTRIBUTION, ETC.
Date of publication, distribution, etc. 2007
520 ## - SUMMARY, ETC.
Summary, etc. Reports that for first-time buyers, interest rates have now reached their highest in 15 years. They are now paying reached 18.7%, of their income on mortgage interest, up from 18.3% in March. Homeowners are paying 16.3% of their income. Both rates are the highest since 1992. Increasing numbers of first-time buyers are also having to pay stamp duty. 58% are now doing so, up from 51% 12 months previously. Home movers are joining first-time buyers in opting overwhelmingly for fixed-rate mortgages. Homeowners soon to leave fixed-rate periods need to plan ahead.
590 ## - LOCAL NOTE (RLIN)
Local note KA
651 #4 - SUBJECT ADDED ENTRY--GEOGRAPHIC NAME
Geographic name United Kingdom
Chronological subdivision
690 ## - LOCAL SUBJECT ADDED ENTRY--TOPICAL TERM (OCLC, RLIN)
Topical term or geographic name as entry element PROPERTY-RESIDENTIAL PROPERTY-RESIDENTIAL PROPERTY FINANCE AND INVESTMENT-MORTGAGING RESIDENTIAL PROPERTY
856 40 - ELECTRONIC LOCATION AND ACCESS
Uniform Resource Identifier <a href="https://www.cml.org.uk/cml/media/press/1191">https://www.cml.org.uk/cml/media/press/1191</a>
Public note View the item free of charge at www.cml.org.uk...
942 ## - ADDED ENTRY ELEMENTS (KOHA)
Suppress in OPAC 0
Holdings
Withdrawn status Lost status Source of classification or shelving scheme Damaged status Not for loan Home library Current library Shelving location Date acquired Total Checkouts Full call number Barcode Date last seen Copy number Price effective from Koha item type
    Dewey Decimal Classification     Virtual Virtual Online 14/06/2007   ONLINE PUBLICATION 138505-2001L136 06/08/2019 1 06/08/2019 Book